000 00573nam a22001457a 4500
005 20241217092010.0
008 241001b |||||||| |||| 00| 0 eng d
082 _2DPer050 M72 January-March 2018 v. 66 no. 8-10
100 _aTrinidad, Sally S.
_eauthor.
_961892
245 _aLesson on guided reading, english reading, grade V /
_cSally S. Trinidad.
260 _aPhilippines;
_bPublishers Association of the Philippines, Inc.,
_cNovember 2018.
300 _aVolume 66, pages 217-219,
_billustration.
700 _aTrinidad, Sally S.
_eauthor.
_961893
942 _2ddc
_cPER
999 _c22052
_d22052